Robert Rodriguez Movies - Statistics

General Stats
  • This quiz has been taken 16 times
    9 since last reset
  • The average score is 9 of 97
Answer Stats
Hint Answer % Correct
1996 From Dusk Till Dawn
71%
2010 Machete
71%
2001 Spy Kids
71%
2023 Spy Kids: Armageddon
71%
1995 Desperado
57%
1992 El Mariachi
57%
2013 Machete Kills
57%
2003 Once Upon a Time in Mexico
57%
2007 Planet Terror
57%
2007 Death Proof
43%
1995 Four Rooms
43%
2007 Grindhouse
43%
2003 Kill Bill: Vol. 1
29%
2004 Kill Bill: Vol. 2
29%
1994 Pulp Fiction
29%
2003 Spy Kids 3-D: Game Over
29%
1998 The Faculty
29%
1999 From Dusk Till Dawn 2: Texas Blood Money
14%
2023 Hypnotic
14%
1994 Roadracers
14%
2014 Sin City: A Dame to Kill For
14%
2002 Spy Kids 2: Island of Lost Dreams
14%
2020 We Can Be Heroes
14%
TBD We Can Be Heroes 2
14%
2011 10 pelis
0%
2009 Addicto de Salsa
0%
2010 A Gangland Love Story
0%
2019 Alita: Battle Angle
0%
2012 A Little Bit Zombie
0%
2013 Amelia's 25th
0%
2017 Baby Driver
0%
2017 Black Ruby
0%
2011 Blood City Massacre
0%
2012 Bring Me the Head of the Machine Gun Woman
0%
2000 Bullfighter
0%
2009 Club83
0%
1997 Commandments
0%
TBD Corpus Christi
0%
2005 Curandero
0%
1996 Curdled
0%
2009 Deep River: The Island
0%
TBD Fire and Ice
0%
1999 From Dusk Till Dawn 3: The Hangman's Daughter
0%
2021 Happier Than Ever: A Love Letter to Los Angeles
0%
2008 Hell Ride
0%
2006 High Hopes
0%
2020 Honey and Wine
0%
2021 Hood River
0%
2007 Hostel: Part II
0%
2007 Hot Fuzz
0%
TBD Johnny Quest
0%
2000 Lisa Picard is Famous
0%
2013 Lost in Vienna, Austria
0%
TBD Machete Kills in Space
0%
1997 Mimic
0%
2018 Monday
0%
2015 Muck
0%
2018 On the Run
0%
1999 Outside Providence
0%
2016 Paranormal Shades
0%
2016 Pendechos!
0%
2014 Penguins of Madagascar
0%
2018 Phaedra
0%
2010 Predators
0%
2019 QT8: The First Eight
0%
2019 Red 11
0%
2009 Reiki
0%
2010 Ruiner
0%
2017 Satan's Girls
0%
2004 S.C.I.E.N.C.E.
0%
1997 Scream 2
0%
2008 Shorts
0%
2011 Spy Kids 4-D: All the Time in the World
0%
2018 Stand United
0%
1994 Swimming with Sharks
0%
2008 Take
0%
2010 Tartarus
0%
2008 Ten Dead Men
0%
2023 Thanksgiving
0%
2005 The Adventures of Sharkboy and Lavagirl 3-D
0%
2010 The Apology Dance
0%
2003 The Face of the Serpent
0%
2018 The Good Exorcist
0%
TBD The Jetsons
0%
2014 The Lashman
0%
2008 The Last Bad Neighborhood
0%
2018 The Next Kill
0%
2009 The Open Road
0%
2005 The Quiet
0%
2008 The Spirit
0%
2011 The Victim
0%
2021 tick...tick...BOOM!
0%
2013 Two Scoops
0%
2019 UglyDolls
0%
2016 Urge
0%
2009 Vampire City
0%
2015 We're Not Alone
0%
No matching quizzes found
Score Distribution
Percent of People with Each Score
Percentile by Number Answered
Your Score History
You have not taken this quiz since the last reset